|
|
|
|
| LEADER |
00000cam a2200000 7i4500 |
| 001 |
0000006718 |
| 005 |
20220105104025.0 |
| 008 |
070820 |
| 020 |
|
|
|a 9830532194
|
| 020 |
|
|
|a 9830532216
|
| 090 |
0 |
0 |
|a JP
|b NH ENG (7526)
|
| 100 |
0 |
|
|a Muhammad Azam
|
| 245 |
1 |
0 |
|a Tadpole and guppy
|c Muhammad Azam
|
| 260 |
|
|
|a Kuala Lumpur :
|b Pustaka Prinsip ,
|c 2004
|
| 440 |
|
|
|a Science stories and fact series
|
| 500 |
|
|
|a Children age 4-6 years old (yellow)
|
| 650 |
|
0 |
|a Readers
|x Science
|
| 710 |
1 |
|
|a Berudu dan Gapi
|
| 999 |
|
|
|a 0000986378
|b Book
|c Children Collection
|e Cawangan Bandar Tenggara
|
| 999 |
|
|
|a 0000986379
|b Book
|c Children Collection
|e Perbadanan Perpustakaan Awam Johor
|
| 999 |
|
|
|a 0000986380
|b Book
|c Children Collection
|e Perbadanan Perpustakaan Awam Johor
|
| 999 |
|
|
|a 0000986381
|b Book
|c Children Collection
|e Perbadanan Perpustakaan Awam Johor
|
| 999 |
|
|
|a 0000986382
|b Book
|c Children Collection
|e Cawangan Segamat
|